000 00796nab a2200241 u 4500
001 11477
003 HDC
007 cr bn ---aaaaa
008 210207c mydr|nes 0 a may d
040 _aHDC
245 0 _aLombok as best halal tourist destination set to intensify promotion
260 _a[no place] :
_b[publisher not identified],
_c[no year]
336 _atext
_2rdacontent
337 _acomputer
_2rdamedia
338 _aonline resource
_2rdacarrier
650 _aHalal tourist
_911785
650 _aTourism
_9880
710 _aAntara News
856 _zRequest full-text at [email protected]
942 _2lcc
942 _cNEWS
942 _kNWSO 000362
999 _c8800
_d8800